All Serie A Players of the 2010-2011 Season - Statistics

General Stats
  • This quiz has been taken 26 times
  • The average score is 160 of 426
Answer Stats
Position Nation Team Player % Correct
FWD Sweden AC Milan Zlatan Ibrahimovic
100%
DEF Italy AC Milan Alessandro Nesta
95%
MID Italy AC Milan Andrea Pirlo
95%
FWD Uruguay Napoli Edinson "El Matador" Cavani
95%
GK Italy Juventus Gianluigi Buffon
95%
DEF Italy Juventus Giorgio Chiellini
95%
DEF Italy Juventus Leonardo Bonucci
95%
GK Italy AC Milan Christian Abbiati
89%
FWD Argentina Inter Milan Diego "El Principe" Milito
89%
FWD North Macedonia Inter Milan Goran Pandev
89%
GK Brazil Inter Milan Julio Cesar
89%
FWD Brazil AC Milan Pato
89%
FWD Brazil AC Milan Robinho
89%
FWD Cameroon Inter Milan Samuel Eto'o
89%
FWD Italy Juventus Alessandro Del Piero
84%
DEF Roumania Inter Milan Christian Chivu
84%
MID Serbia Inter Milan Dejan Stankovic
84%
FWD Argentina Napoli Ezequiel "El Pocho" Lavezzi
84%
DEF Brazil Inter Milan Lucio
84%
DEF Brazil Inter Milan Maicon
84%
Coach Italy AC Milan Massimiliano Allegri
84%
MID Italy AC Milan Massimo Ambrosini
84%
DEF Brazil AC Milan Thiago Silva
84%
MID The Netherlands Inter Milan Wesley Sneijder
84%
FWD Italy Udinese Antonio Di Natale
79%
DEF Slovenia Chievo Verona Bostjan Cesar
79%
MID The Netherlands AC Milan Clarence Seedorf
79%
MID Italy Roma Daniele De Rossi
79%
MID Argentina Inter Milan Esteban Cambiasso
79%
FWD Italy Roma Francesco Totti
79%
MID Italy AC Milan Gennaro Gattuso
79%
DEF Colombia Inter Milan Ivan Cordoba
79%
MID/DEF Argentina Inter Milan Javier Zanetti
79%
MID Slovakia Napoli Marek Hamsik
79%
MID Belgium Cagliari Radja Nainggolan
79%
DEF Switzerland Lazio Stephan Lichtsteiner
79%
DEF Argentina Inter Milan Walter Samuel
79%
FWD Italy Cagliari Alessandro Matri
74%
FWD Italy Sampdoria Antonio Cassano
74%
DEF Colombia Udinese Cristian Zapata
74%
GK Uruguay Lazio Fernando Muslera
74%
DEF Norway Roma John Arne Riise
74%
DEF Italy Juventus Marco Motta
74%
FWD Montenegro Roma Mirko Vucinic
74%
DEF France Chievo Verona Nicolas Frey
74%
Coach Spain Inter Milan Rafael Benitez
74%
GK France Fiorentina Sebastien Frey
74%
FWD Italy Chievo Verona Sergio Pellissier
74%
MID Ghana Inter Milan Sulley Muntari
74%
MID Italy/Brazil Inter Milan Thiago Motta
74%
FWD Roumania Fiorentina Adrian Mutu
68%
FWD Chile Udinese Alexis "El Nino Maravilla" Sanchez
68%
MID Italy Juventus Claudio Marchisio
68%
Coach Italy Roma Claudio Ranieri
68%
Coach Italy Palermo Delio Rossi
68%
DEF Georgia Genoa Kakha Kaladze
68%
MID Ghana AC Milan Kevin Prince Boateng
68%
DEF Italy AC Milan Luca Antonini
68%
DEF Italy Bari Marco Rossi
68%
MID Italy Genoa Marco Rossi
68%
MID Mali Juventus Mohamed Sissoko
68%
MID Brazil AC Milan Ronaldinho
68%
DEF Roumania Lazio Stefan Radu
68%
FWD Italy Juventus Vincenzo Iaquinta
68%
FWD Italy Juventus Amauri
63%
MID Italy Sampdoria Angelo Palombo
63%
MID Chile Roma David Pizarro
63%
GK Portugal Genoa Eduardo
63%
DEF Italy Juventus Fabio Grosso
63%
MID Brazil Juventus Felipe Melo
63%
FWD Italy AC Milan Filippo Inzaghi
63%
FWD Italy Sampdoria Giampaolo Pazzini
63%
MID Italy AC Milan Ignazio Abate
63%
GK Belgium Bari Jean François Gillet
63%
DEF Brazil Roma Juan
63%
MID Colombia Napoli Juan Camillo Zuniga
63%
DEF Colombia Udinese Juan Cuadrado
63%
MID Ghana Udinese Kwadwo Asamoah
63%
Coach Brazil Inter Milan Leonardo
63%
FWD Italy Roma Marco Borriello
63%
FWD Italy Bologna Marco Di Vaio
63%
DEF Italy Napoli Paolo Cannavaro
63%
GK Slovenia Udinese Samir Handanovic
63%
FWD Uruguay Palermo Abel Hernandez
58%
FWD Italy Fiorentina Alberto Gilardino
58%
GK Brazil Sampdoria Angelo Da Costa
58%
DEF Italy AC Milan Gianluca Zambrotta
58%
DEF Argentina Napoli Hugo Campagnaro
58%
MID France Roma Jeremy Menez
58%
FWD Senegal Fiorentina Khouma Babacar
58%
FWD Czech Republic Lazio Libor Kozak
58%
GK Italy Inter Milan Luca Castellazzi
58%
FWD Italy Genoa Luca Toni
58%
DEF Colombia AC Milan Mario Yepes
58%
MID France AC Milan Mathieu Flamini
58%
FWD Argentina Lazio Mauro Zarate
58%
MID Serbia Juventus Milos Krasic
58%
GK Italy Napoli Morgan De Sanctis
58%
FWD Italy Lazio Tommaso Rocchi
58%
Coach Italy Napoli Walter Mazzarri
58%
DEF Czech Republic Juventus Zdenek Grygera
58%
FWD Brazil Roma Adriano
53%
MID Italy Juventus Alberto Aquilani
53%
MID Argentina Catania Alejandro "Papu" Gomez
53%
GK Italy Parma Antonio Mirante
53%
MID Italy Lazio Cristian Brocchi
53%
DEF Italy AC Milan Daniele Bonera
53%
MID Italy Cagliari Daniele Conti
53%
DEF Italy Cagliari Davide Astori
53%
FWD Italy Juventus Fabio Quagliarella
53%
FWD Italy Palermo Fabrizio Miccoli
53%
Coach Italy Bari Giampiero Ventura
53%
DEF Costa Rica Brescia Gilberto Martinez
53%
FWD Argentina Parma Hernan "Valdanito" Crespo
53%
MID Uruguay Juventus Jorge Martinez
53%
MID Slovenia Palermo Josip Ilicic
53%
GK Brazil Roma Julio Sergio
53%
DEF Italy Inter Milan Marco Materazzi
53%
GK Italy Juventus Marco Storari
53%
FWD Argentina Catania Maxi Lopez
53%
MID Portugal Genoa Miguel Veloso
53%
MID Colombia Udinese Pablo Armero
53%
DEF France Roma Philippe Mexes
53%
DEF Italy Napoli Salvatore Aronica
53%
MID Italy Roma Simone Perrotta
53%
Coach Italy Chievo Verona Stefano Pioli
53%
GK Italy Chievo Verona Stefano Sorrentino
53%
MID Uruguay Napoli Walter Gargano
53%
DEF Italy Bari Andrea Masiello
47%
MID Switzerland Parma Blerim Dzemaili
47%
MID Italy Napoli Christian Maggio
47%
DEF Brazil Roma Cicinho
47%
MID Honduras Bari Edgar Alvarez
47%
Coach Italy Lazio Edoardo Reja
47%
FWD Italy Cesena Emanuele Giaccherini
47%
GK Italy Bologna Emiliano Viviano
47%
FWD Uruguay Lecce Ernesto Chevanton
47%
MID Brazil Lazio Hernanes
47%
MID Argentina Palermo Javier "El Flaco" Pastore
47%
DEF France Brescia Jonathan Zebina
47%
MID Peru Fiorentina Juan Manuel Vargas
47%
FWD Brazil Roma Julio Baptista
47%
DEF Poland Bari Kamil Glik
47%
Coach Italy Juventus Luigi Delneri
47%
GK Argentina Catania Mariano Andujar
47%
DEF Argentina Catania Pablo Alvarez
47%
MID Italy Brescia Riccardo Taddei
47%
MID Brazil Roma Rodrigo Taddei
47%
DEF Italy Bari Salvatore Masiello
47%
GK Italy Palermo Salvatore Sirigu
47%
FWD Japan Catania Takayuki Morimoto
47%
Coach Italy Roma Vincenzo Montella
47%
DEF Italy Fiorentina Alessandro Gamberini
42%
FWD Italy Brescia Andrea Caracciolo
42%
MID Italy Cagliari Andrea Cossu
42%
DEF Italy Napoli Andrea Dossena
42%
DEF Italy Genoa Andrea Ranocchia
42%
GK Poland Fiorentina Artur Boruc
42%
GK Roumania Roma Bogdan Lobont
42%
MID Italy/Brazil Lazio Cristian Ledesma
42%
Coach Argentina Catania Diego "Cholo" Simeone
42%
FWD Brazil Brescia Eder
42%
MID Brazil Roma Fabio Simplicio
42%
GK Italy Cesena Francesco Antonioli
42%
Coach Italy Udinese Francesco Guidolin
42%
MID Italy Udinese Giampiero Pinzi
42%
MID Switzerland Udinese Gokhan Inler
42%
MID Algeria Napoli Hassan Yebda
42%
MID Morocco Genoa Houssine Kharja
42%
DEF Italy Fiorentina Manuel Pasqual
42%
GK Italy AC Milan Marco Amelia
42%
DEF Italy Roma Marco Cassetti
42%
MID Italy Fiorentina Marco Donadel
42%
MID Australia Lazio Mark Bresciano
42%
DEF Morocco Udinese Medhi Benatia
42%
FWD Brazil Cagliari Nené
42%
DEF Italy Juventus Nicola Legrottaglie
42%
MID Argentina Catania Pablo Ledesma
42%
MID Greece Brescia Panagiotis Kone
42%
FWD Brazil Bari Paulo Vitor Barreto
42%
MID Italy Fiorentina Riccardo Montolivo
42%
FWD Italy Cagliari Robert Acquafresca
42%
MID Italy Parma Sebastian Giovinco
42%
Coach Serbia Fiorentina Sinisa Mihajlovic
42%
DEF Tunisia Cesena Yohan Benalouane
42%
DEF Japan Cesena Yuto Nagatomo
42%
MID Argentina Catania Adrian Ricchiuti
37%
FWD Italy Genoa Antonio Floro Flores
37%
FWD Italy Udinese Antonio Floro Flores
37%
DEF Italy Sampdoria Daniele Gastaldello
37%
DEF Italy Genoa Domenico Criscito
37%
DEF Italy Napoli Fabiano Santacroce
37%
FWD Argentina Udinese German Denis
37%
FWD Italy Catania Giuseppe Mascara
37%
DEF Austria Bologna Gyorgy Garics
37%
FWD France Inter Milan Jonathan Biabiany
37%
MID Brazil Chievo Verona Luciano
37%
DEF Italy AC Milan Massimo Oddo
37%
DEF Italy Udinese Maurizio Domizzi
37%
GK Italy Cagliari Michael Agazzi
37%
MID Italy Napoli Michele Pazienza
37%
DEF Argentina Roma Nicolas Burdisso
37%
DEF Italy Juventus Paolo De Ceglie
37%
DEF Denmark Fiorentina Per Kroldrup
37%
FWD Argentina Genoa Rodrigo Palacio
37%
FWD Bulgaria Parma Valeri Bojinov
37%
MID Italy Sampdoria Andrea Poli
32%
MID Italy Palermo Antonio Nocerino
32%
Coach Italy Bari Bortolo Mutti
32%
GK Italy Bologna Cristiano Lupatelli
32%
MID Italy Parma Daniele Galloppa
32%
GK Italy Bari Daniele Padelli
32%
DEF Italy Genoa Dario Dainelli
32%
MID Algeria Lecce Djamel Mesbah
32%
Coach Italy Sampdoria Domenico Di Carlo
32%
MID Belgium Bologna Gaby Mudingayi
32%
GK Italy Napoli Gennaro Iezzo
32%
MID Italy Genoa Giandomenico Mesto
32%
GK Italy Sampdoria Gianluca Curci
32%
FWD Brazil Lecce Jeda
32%
MID Argentina Napoli José Ernesto Sosa
32%
MID Guinea Chievo Verona Kevin Constant
32%
DEF Italy Parma Luca Antonelli
32%
MID Italy Fiorentina Marco Marchionni
32%
MID Italy Roma Matteo Brighi
32%
FWD Italy Genoa Mattia Destro
32%
MID Chile Udinese Mauricio Isla
32%
FWD Italy Sampdoria Nicola Pozzi
32%
DEF Argentina Catania Nicolas Spolli
32%
FWD Italy Bologna Riccardo Meggiorini
32%
MID Uruguay Lecce Ruben Olivera
32%
MID Argentina Bari Sergio Almiron
32%
MID Italy Juventus Simone Pepe
32%
MID Italy Lazio Stefano Mauri
32%
FWD Belarus Bari Vitalii Kutuzov
32%
FWD Italy Genoa Alberto Paloschi
26%
MID Sweden Bologna Albin Ekdal
26%
DEF Italy Parma Alessandro Lucarelli
26%
MID Italy Fiorentina Alessio Cerci
26%
DEF Brazil Lazio Andre Dias
26%
MID Italy Parma Antonio Candreva
26%
GK Italy Lecce Antonio Rosati
26%
MID Uruguay Lecce Carlos Grossmuller
26%
DEF Italy Palermo Cesare Bovo
26%
FWD Italy Napoli Cristiano Lucarelli
26%
FWD France Chievo Verona Cyril Thereau
26%
FWD Italy Lecce David Di Michele
26%
Coach Italy Genoa Davide Ballardini
26%
DEF Italy Genoa Emiliano Moretti
26%
DEF Brazil Napoli Emilson Cribari
26%
MID Ghana Udinese Emmanuel Badu
26%
DEF Italy Sampdoria Fabrizio Cacciatore
26%
DEF Brazil Fiorentina Felipe
26%
FWD Italy Bari Francesco "Ciccio" Caputo
26%
MID Uruguay Bologna Gaston Ramirez
26%
DEF Italy Chievo Verona Gennaro Sardo
26%
DEF Italy Napoli Gianluca Grava
26%
DEF Italy Lazio Giuseppe Biava
26%
FWD Italy Genoa Giuseppe Sculli
26%
DEF Italy Cagliari Lorenzo Ariaudo
26%
DEF Italy Fiorentina Lorenzo de Silvestri
26%
Coach Italy Catania Marco Giampaolo
26%
MID Italy Cesena Marco Parolo
26%
GK Italy Lecce Massimiliano Benassi
26%
Coach Italy Cesena Massimo Ficcadenti
26%
FWD Italy Palermo Massimo Maccarone
26%
MID Italy Bologna Massimo Mutarelli
26%
DEF Argentina Catania Matias Silvestre
26%
DEF France Lazio Mobido Diakité
26%
FWD Uruguay Chievo Verona Pablo Granoche
26%
Coach Italy Parma Pasquale Marino
26%
MID Brazil Inter Milan Philippe Coutinho
26%
FWD Italy Genoa Raffaele Palladino
26%
DEF Switzerland Sampdoria Reto Ziegler
26%
Coach Italy Cagliari Roberto Donadoni
26%
FWD Italy Lazio Sergio Floccari
26%
DEF Switzerland Cesena Steve Von Bergen
26%
FWD Algeria Bari Abdelkader Ghezzal
21%
MID Serbia Fiorentina Adem Ljajic
21%
Coach Italy Bologna Alberto Malesani
21%
MID Italy Brescia Alessandro Diamanti
21%
MID Italy Bari Alessandro Gazzi
21%
DEF Italy Bari Alessandro Parisi
21%
DEF Brazil Parma Angelo
21%
MID Slovenia Palermo Armin Bacinovic
21%
FWD Italy Udinese Bernardo Corradi
21%
DEF Italy Catania Ciro Capuano
21%
DEF Italy Parma Cristian Zaccardo
21%
FWD Italy Cagliari Daniele Ragatzu
21%
FWD Italy Chievo Verona Davide Moscardelli
21%
FWD Italy Brescia Davide Possanzini
21%
DEF Italy Cesena Davide Santon
21%
MID Uruguay Bologna Diego Perez
21%
DEF Italy Palermo Federico Balzaretti
21%
MID Brazil Lazio Francelino Matuzalem
21%
GK Italy Palermo Francesco Benussi
21%
DEF Italy Cagliari Francesco Pisano
21%
DEF Argentina Parma Gabriel Paletta
21%
DEF Italy Fiorentina Gianluca Comotto
21%
MID Italy Cesena Giuseppe Colucci
21%
MID Uruguay Lecce Guillermo Giacomazzi
21%
FWD Uruguay Bologna Henry Gimenez
21%
FWD Croatia Cesena Igor Budan
21%
MID Serbia Bologna Ivan Radovanovic
21%
MID Italy Napoli Manuele Blasi
21%
DEF Italy Parma Marco Pisano
21%
MID Argentina Catania Mariano Izco
21%
MID Italy Bari Massimo Donati
21%
DEF Italy Palermo Matteo Darmian
21%
GK Italy Brescia Matteo Sereni
21%
FWD Chile Palermo Mauricio Pinilla
21%
GK Italy Brescia Michele Arcari
21%
MID Finland Brescia Perparim Hetemaj
21%
MID Brazil Genoa Rafinha
21%
MID Hungary Sampdoria Vladimir Koman
21%
GK Italy Genoa Alessio Scarpi
16%
DEF Italy Chievo Verona Andrea Mantovani
16%
DEF Italy Fiorentina Cesare Natali
16%
DEF Spain Genoa Chico
16%
FWD Italy Lecce Daniele Corvia
16%
MID Italy Sampdoria Daniele Dessena
16%
MID Italy Cagliari Davide Biondini
16%
DEF Roumania Palermo Dorin Goian
16%
GK Italy Udinese Emanuele Belardi
16%
FWD Albania Cesena Erjon Bogdani
16%
DEF Argentina Palermo Ezequiel Munoz
16%
MID Italy Palermo Fabio Liverani
16%
MID Argentina Sampdoria Fernando Tissone
16%
DEF Switzerland Brescia Gaetano Berardi
16%
DEF Italy Udinese Giovanni Pasquale
16%
MID Italy Palermo Giulio Migliaccio
16%
DEF Italy Lazio Guglielmo Stendardo
16%
DEF Spain Lazio Javier Garrido
16%
MID Italy Chievo Verona Luca Rigoni
16%
Coach Italy Lecce Luigi De Canio
16%
MID Italy Catania Marco Biagianti
16%
MID Italy Parma Massimo Gobbi
16%
DEF Italy Bologna Matteo Rubin
16%
DEF Italy Palermo Mattia Cassani
16%
DEF Uruguay Bologna Miguel Angel Britos
16%
MID Italy Palermo Nicola Rigoni
16%
MID Italy Genoa Omar Milanetto
16%
MID Slovenia Bologna Rene Krhin
16%
MID Italy Sampdoria Stefano Guberti
16%
DEF Italy Sampdoria Stefano Lucchini
16%
MID Italy Parma Stefano Morrone
16%
GK Italy Lazio Tommaso Berni
16%
MID Hungary Brescia Adam Vass
11%
DEF Italy Cagliari Alessandro Agostini
11%
DEF Italy Catania Alessandro Potenza
11%
GK Italy Catania Andrea Campagnolo
11%
DEF Italy Udinese Andrea Coda
11%
DEF Italy Bologna Andrea Esposito
11%
MID Italy Cagliari Andrea Lazzari
11%
DEF Italy Bari Andrea Raggi
11%
DEF Italy Lecce Andrea Rispoli
11%
DEF Italy Catania Christian Terlizzi
11%
MID Italy Sampdoria Daniele Mannini
11%
DEF Italy Bologna Daniele Portanova
11%
FWD France Cesena Dominique Malonga
11%
FWD Nigeria Lecce Edward Ofere
11%
MID Argentina Catania Ezequiel Llama
11%
MID Italy Catania Ezequiel Schelotto
11%
MID Italy Cesena Fabio Caserta
11%
MID Italy Sampdoria Franco Semioli
11%
DEF Italy Cagliari Gabriele Perico
11%
MID Italy Fiorentina Gaetano D'Agostino
11%
MID Switzerland Chievo Verona Gelson Fernandes
11%
MID Italy Catania Gennaro Delvecchio
11%
MID Italy Lecce Gianni Munari
11%
Coach Italy Brescia Giusepe Iachini
11%
MID Italy Lecce Giuseppe Vives
11%
FWD Italy Sampdoria Guido Marilungo
11%
GK Italy Cagliari Ivan Pelizzoli
11%
DEF Italy Cesena Luca Ceccarelli
11%
DEF Italy Sampdoria Luciano Zauri
11%
MID Chile Cesena Luis Jimenez
11%
MID Uruguay Chievo Verona Mariano Bogliacino
11%
MID Argentina Fiorentina Mario Santana
11%
DEF Italy Cagliari Michele Canini
11%
GK Italy Parma Nicola Pavarini
11%
MID Italy Lazio Pasquale Foggia
11%
DEF Italy Sampdoria Pietro Accardi
11%
MID Italy Chievo Verona Simone Bentivoglio
11%
MID Ghana Cesena Stephen Appiah
11%
DEF Italy Lecce Alberto Giuliatto
5%
MID Italy Brescia Alessandro Budel
5%
MID Italy Cagliari Alex Pinardi
5%
MID Switzerland Udinese Almen Abdi
5%
MID Italy Bologna Antonio Buscé
5%
DEF Slovenia Chievo Verona Bojan Jokic
5%
DEF Italy Cagliari Dario Biasi
5%
MID Italy Brescia Davide Baiocco
5%
GK Brazil Cesena Diego Cavalieri
5%
MID Argentina Bari Emanuel Rivas
5%
MID Argentina Catania Ezequiel Carboni
5%
DEF Brazil Lecce Fabiano
5%
MID Italy Bologna Federico Casarini
5%
MID Spain Parma Fernando Marques
5%
DEF Italy Brescia Francesco Bega
5%
MID Italy Parma Francesco Valiani
5%
DEF Brazil Lecce Gustavo
5%
FWD Argentina Bari Ignacio Castillo
5%
MID Argentina Lecce Ignacio Piatti
5%
GK Italy Chievo Verona Lorenzo Squinzi
5%
MID Italy Bologna Luca Siligardi
5%
DEF Italy Chievo Verona Marco Andreolli
5%
MID Italy Bari Marco D'Alessandro
5%
DEF Italy Brescia Marco Zambelli
5%
DEF Slovakia Cesena Martin Petras
5%
DEF Italy Parma Massimo Paci
5%
DEF Italy Cesena Maurizio Lauro
5%
DEF Argentina Cesena Maximiliano Pellegrino
5%
MID Italy Chievo Verona Michele Marcolini
5%
FWD Italy Catania Mirko Antenucci
5%
DEF Italy Bari Nicola Belmonte
5%
MID Chile Brescia Nicolas Cordova
5%
MID Argentina Cesena Nicolas Gorobsov
5%
MID Italy Bari Nico Pulzetti
5%
MID Switzerland Palermo Pajtim Kasami
5%
DEF Italy Brescia Simone Dallamano
5%
MID Italy Cagliari Simon Laner
5%
DEF Italy Lecce Stefano Ferrario
5%
DEF Norway Lecce Tore Reginiussen
5%
MID Italy Chievo Verona Roberto Guarna
0%
DEF Paraguay Brescia Victor Hugo Mareci
0%
No matching quizzes found
Score Distribution
Percent of People with Each Score
Percentile by Number Answered
Your Score History
You have not taken this quiz